| 000 | 00671nam a22001937a 4500 | ||
|---|---|---|---|
| 005 | 20171111114353.0 | ||
| 010 | _aENG-121347 | ||
| 020 |
_c650.00 _a9788129001177 |
||
| 035 | _aEN-104879 | ||
| 037 | _bDBAD/PUB | ||
| 082 | _a621.3121 | ||
| 100 | _aBhargava,Nisha | ||
| 245 |
_aEconomics of power generation and strategies for sustainable development : _cby Nisha Bhargava _bthe Indian experience/ |
||
| 260 |
_aNew Delh _bA New Era International Imprint _c2015 |
||
| 270 |
_aSCO 49-51,Sector-17C,Post Box-52 _bChandhigarh _e150017 |
||
| 300 |
_a176p. _c22cm.(Hb) |
||
| 500 | _aIncludes bibliographical references | ||
| 942 |
_2ddc _cEN _h621.3121 _mBHA |
||
| 999 |
_c147286 _d147286 |
||